000
00302nam a22001457a 4500
008
210527b ||||| |||| 00| 0 eng d
020
_a
9780393051315
041
_a
eng
080
_a
82
082
_a
82
100
_a
21
101
_a
GJL
245
_a
Death's Door
_c
Gilbert,S.M
942
_2
udc
_c
BK
999
_c
57722
_d
57722